Poder local: descentralización y las municipalidades en Costa Rica

Guardat en:
Dades bibliogràfiques
Autor principal: Morales Alvarez, Miguel
Format: Text
Idioma:Spanish
Publicat: Heredia: UNA
Matèries:
Etiquetes: Afegir etiqueta
Sense etiquetes, Sigues el primer a etiquetar aquest registre!

MARC

LEADER 00000 a a2200000 04500
001 36201
003 cru CIDCACS/IIS
005 20231004164526.0
008 170314b xxu||||| |||| 00| 0 spa d
040 |c CIDCACS/IIS  |a cru CIDCACS/IIS 
090 |a 04.03.03 M828p  
100 |a Morales Alvarez, Miguel  
245 |a Poder local: descentralización y las municipalidades en Costa Rica  
260 |a Heredia:   |b UNA  
300 |a 167 p.  
650 |a PODER DE LA COMUNIDAD  
650 |a DESCENTRALIZACION  
650 |a GOBIERNO LOCAL  
650 |a COSTA RICA  
852 1 1 |h cru CIDCACS/IIS  |i 00734 
942 |2 z  |c LI  |h 04.03.03 M828p   |i 00734  |6 040303_M828P_00734 
999 |c 12989  |d 12989